| 000 | 00365nam a2200145Ia 4500 | ||
|---|---|---|---|
| 008 | 210716s1979 xx 000 0 und d | ||
| 020 | _a0030444969 | ||
| 041 | _aeng | ||
| 082 | _a305.8 SPRJ | ||
| 100 | _aSpradlley, James P. | ||
| 245 | _aEthnographic interview. | ||
| 250 | _a1 | ||
| 260 |
_aNew York _bHolt, Rinehart and winston Inc _c1979 |
||
| 300 | _avii,247 | ||
| 999 |
_c200609 _d200609 |
||